Desarrollo de un Sistema Integrado de Gestión SAC Estación Experimental Alfredo Volio Mata
Salvato in:
| Autore principale: | |
|---|---|
| Altri autori: | , |
| Natura: | Libro |
| Pubblicazione: |
2006
[San José, Costa Rica]
|
| Soggetti: | |
| Tags: |
Aggiungi Tag
Nessun Tag, puoi essere il primo ad aggiungerne!!
|
MARC
| LEADER | 00000nam a2200000Ia 4500 | ||
|---|---|---|---|
| 003 | 009961 | ||
| 005 | 20221231144125.0 | ||
| 008 | 140114s2006 cr a m 000 ||s d | ||
| 040 | |c cru CEDI | ||
| 090 | |a TFG 5192 | ||
| 100 | |a González Gómez, Adriana |9 5731 | ||
| 245 | |a Desarrollo de un Sistema Integrado de Gestión SAC Estación Experimental Alfredo Volio Mata | ||
| 260 | |c [San José, Costa Rica] |b 2006 | ||
| 300 | |a xviii, 178, [105] hojas : ilustraciones a color | ||
| 500 | |a Proyecto de graduación (licenciatura en ingeniería industrial)--Universidad de Costa Rica. Facultad de Ingeniería. Escuela de Ingeniería Industrial | ||
| 650 | |x UNIVERSIDAD DE COSTA RICA. ESTACION EXPERIMENTAL AGRICOLA FABIO BAUDRIT MORENO |x GESTION ADMINISTRATIVA |x CONTROL DE CALIDAD |x ASPECTOS AMBIENTALES |x CONTROL DE PROCESOS |x SALUD OCUPACIONAL |x NORMAS DE CALIDAD |9 5734 | ||
| 700 | |9 5732 |a Jiménez Faith, Adriana | ||
| 700 | |9 5733 |a Sánchez Romero, Diana | ||
| 942 | |c TFG | ||
| 999 | |c 17231 |d 17231 | ||
